The Ultimate Vampire Diaries Quiz - Statistics

General Stats
  • This quiz has been taken 1,605 times
  • The average score is 16 of 43
Answer Stats
Hint Answer % Correct
Which Salvatore brother did Elena meet first? Damon
100%
Who's blood turned them? Katherine
70%
Who is Elena's Control Freak of a Friend? Caroline Forbes
67%
What is the name of the Witch who gets screwed the most? Bonnie Bennett
65%
Where is the main setting of the show? Mystic Falls
65%
What is the name of Stefan and Damon's "Uncle"? Zach
65%
Who saved Elena per her Father's request? Stefan Salvatore
63%
When were Stefan and Damon turned? 1864
61%
Who is the above's nephew? Tyler Lockwood
61%
Who's the star Quarterback? Matt Donovan
58%
Who does Elena request to be saved from drowning in their Truck? Matt Donovan
58%
2nd oldest? Elijah
55%
How many Original Vampires are there? 6
54%
Who was the above married to? Alaric Saltzman
50%
Who is the first triggered Werewolf seen? Mason Lockwood
47%
What is the name of the above's daughter? Anna
46%
What is the name of Katherine's Vampire friend? Pearl
45%
Who is the only Original Vampire Sister? Rebekah Mikaelson
43%
How does Elena and Jeremy's parents die? Drowned
41%
Who is the oldest Original Sibling? Finn Mikaelson
40%
Who is the youngest Original Vampire Brother? Kol Mikaelson
40%
What is the name of Elena's Biological Mother Isobel Flemming
39%
Who is the Original Hybrid? Niklaus Mikaelson
34%
Who shot them? Giuseppe Salvatore
33%
Who is the oldest Original Vampire? Mikael Mikaelson
30%
What is the name of the Original Witch? Esther Mikaelson
27%
Who helped Tyler break the Sire Bond? Hayley Marshall
27%
What is the name of the youngest Mikaelson child? Henrik Mikaelson
22%
Who is used as the Vampire in the ritual to break the Hybrid Curse? Jenna Sommers
21%
Who is the first vampire Alaric kills? Logan Fell
20%
Who sacrificed themselves to protect Elena at the end of Season 2? John Gilbert
18%
Who is the Immortal that is entombed with The Cure? Silas
16%
What is the name of the Doctor who uses Vampire Blood in Season 3? Meredith Fell
15%
Who is used as the Werewolf in the ritual to break the Hybrid Curse? Jules
14%
Who is the Professor that helps Bonnie practice Expression? Atticus Shane
11%
Who does Silas kill when he is awakened? Jeremy Gilbert
11%
What is the name of the Psycho Syphon Witch? Kai Parker
9%
What is a Vampire/Witch Hybrid called? Heretic
7%
Who is the Psychic in Season 8? Cade
6%
And what coven does he belong to? The Gemini Coven
6%
What is the name of the first Hunter of "The Five" to appear in Mystic Falls Connor Jordan
4%
Who protected Bonnie when "The Other Side" collapsed by making a deal with the Gemini's? Grams
3%
What is the name of the Group of Witches in season 5? The Travelers
3%
No matching quizzes found
Score Distribution
Percent of People with Each Score
Percentile by Number Answered
Your Score History
You have not taken this quiz